| 000 | 00440nam a2200193Ia 4500 | ||
|---|---|---|---|
| 008 | 170918s9999 xx 000 0 und d | ||
| 020 | _a9780545094658 | ||
| 050 | _bL965 2007 | ||
| 100 | _aLupica, Mike | ||
| 245 | _aTwo-minute drill / | ||
| 245 | _cby Mike Lupica. | ||
| 260 | _aNew York : | ||
| 260 | _bScholastic, | ||
| 260 | _c2007 | ||
| 300 | _a180 pages : | ||
| 300 | _billustrations ; | ||
| 300 | _c19cm. | ||
| 500 | _a880 | ||
| 999 |
_c343281 _d343281 |
||